ARRUPE JESUIT UNIVERSITY

CORONAVIRUS -STOP THE SPREAD - CLEAN,DISINFECT,COVER

Old filth / (Record no. 121334)

MARC details
000 -LEADER
fixed length control field 00742cam a2200277 a 4500
001 - CONTROL NUMBER
control field 5030425
003 - CONTROL NUMBER IDENTIFIER
control field ARRUPE
005 - DATE AND TIME OF LATEST TRANSACTION
control field 20141128113342.0
008 - FIXED-LENGTH DATA ELEMENTS--GENERAL INFORMATION
fixed length control field 040421s2004 enk e 000 f eng
015 ## - NATIONAL BIBLIOGRAPHY NUMBER
National bibliography number GBA463692
Source bnb
016 7# - NATIONAL BIBLIOGRAPHIC AGENCY CONTROL NUMBER
Record control number 012981595
Source Uk
020 ## - INTERNATIONAL STANDARD BOOK NUMBER
International Standard Book Number 070117756X (hbk.)
035 ## - SYSTEM CONTROL NUMBER
System control number (OCoLC)ocm56640888
035 ## - SYSTEM CONTROL NUMBER
System control number (NNC)5030425
040 ## - CATALOGING SOURCE
Original cataloging agency UKM
Transcribing agency UKM
Modifying agency NNC
050 ## - LIBRARY OF CONGRESS CALL NUMBER
Classification number PR6057.A623.O43
300 ## - PHYSICAL DESCRIPTION
Dimensions 24 cm.
100 1# - MAIN ENTRY--PERSONAL NAME
Personal name Gardam, Jane.
9 (RLIN) 12891
245 10 - TITLE STATEMENT
Title Old filth /
Statement of responsibility, etc Jane Gardam.
260 ## - PUBLICATION, DISTRIBUTION, ETC. (IMPRINT)
Place of publication, distribution, etc London :
Name of publisher, distributor, etc Chatto & Windus,
Date of publication, distribution, etc 2005
300 ## - PHYSICAL DESCRIPTION
Extent 259 p. ;
650 #0 - SUBJECT ADDED ENTRY--TOPICAL TERM
Topical term or geographic name as entry element Legal stories.
9 (RLIN) 12892
650 #0 - SUBJECT ADDED ENTRY--TOPICAL TERM
Topical term or geographic name as entry element English
Geographic subdivision Asia
Form subdivision Fiction.
9 (RLIN) 12893
650 #0 - SUBJECT ADDED ENTRY--TOPICAL TERM
Topical term or geographic name as entry element Reminiscing
Form subdivision Fiction.
9 (RLIN) 12894
942 ## - ADDED ENTRY ELEMENTS (KOHA)
Source of classification or shelving scheme Library of Congress Classification
Koha item type Monograph ( Printed materials)
Holdings
Withdrawn status Lost status Source of classification or shelving scheme Damaged status Not for loan Home library Current library Shelving location Date acquired Total Checkouts Full call number Barcode Date last seen Price effective from Koha item type
    Library of Congress Classification     ARRUPE LIBRARY ARRUPE LIBRARY Main Collection 28/11/2014   PR6057.A623.O43 46500003647 28/11/2014 28/11/2014 Monograph ( Printed materials)

 

Arrupe Library. PO Box MP320 Mt Pleasant, Harare, Zimbabwe
263 242 745411|librarian@aju.ac.zw